• 首页
  • 本馆介绍
  • 公告通知
  • 最新文献
  • 馆藏检索
  • 电子资源
  • 读者导购
  • 参考咨询
  • 我的图书馆
  • 登录
  • 详细信息显示
  • 放入我的书架
  • 预约/预借图书
  • 作者相关作品
  • 分类相关作品
  • 丛书相关作品
  • 出版社相关作品

书目信息

  • 表格格式
  • 工作单格式
  • 卡片格式
题名:
力学试题选解
    
 
作者: 彭绍佩 , 宋福磐 , 何祥铁 编
分册:  
出版信息: 长沙   湖南科学技术出版社  1986.4
页数: 752页
开本: 20cm
丛书名:
单 册:
中图分类: O3-44
科图分类:
主题词: 力学
电子资源:
ISBN:
000 00667nam0 2200241 45
001 0405181550
005 20060511153429.45
010    @dCNY3.75
091    @a13204.128
100    @a20040518d1986 km y0chiy0120 ea
101 0  @achi
200 1  @a力学试题选解@ALi Xue Shi Ti Xuan Jie@e1980-1985@f何祥铁,彭绍佩,宋福磐等编@FHe Xiang Tie,Peng Shao Pei,Song Fu Pan Deng Bian
210    @a长沙@c湖南科学技术出版社@d1986.4
215    @a752页@d20cm
300    @a全国招考研究生
517    @a1980-1985
606 0  @a力学
690    @aO3-44@v3
701  0 @a彭绍佩@4编
701  0 @a宋福磐@4编
701  0 @a何祥铁@4编
801    @aCN@bPftUser@c20060511
905    @dO3-44@e36
    
    力学试题选解:1980-1985/何祥铁,彭绍佩,宋福磐等编.-长沙:湖南科学技术出版社,1986.4
    752页;20cm
    全国招考研究生
    
    ISBN :CNY3.75
    
●
相关链接 在E读中查询图书 在五车中查询图书 在当当中查询图书 在豆瓣中查询图书


正题名:力学试题选解     索取号:O3-44/36         预约/预借

序号 登录号 条形码 馆藏地/架位号 状态 备注
1 0152483   001448990   第二样本阅览室/ [索取号:O3-44/36] 在馆    
2 0152484   001957822   第三借阅区/ [索取号:O3-44/36] 在馆    
3 0152485   202323565   密集书库/ [索取号:O3-44/36] 在馆    
唐山师范学院图书馆 欢迎您!
大连网信软件有限公司© 版权所有